header

Race, class, and gender : (Record no. 266132)

MARC details
000 -LEADER
fixed length control field 01487pam a2200421 a 4500
001 - CONTROL NUMBER
control field 3960181
003 - CONTROL NUMBER IDENTIFIER
control field OSt
005 - DATE AND TIME OF LATEST TRANSACTION
control field 20260408110442.0
008 - FIXED-LENGTH DATA ELEMENTS--GENERAL INFORMATION
fixed length control field 940614s1995 cau b 000 0 eng
010 ## - LIBRARY OF CONGRESS CONTROL NUMBER
LC control number 94019800
020 ## - INTERNATIONAL STANDARD BOOK NUMBER
International Standard Book Number 0534247687
Qualifying information acid-free, recycled paper
International Standard Book Number 9780534247683
Qualifying information (acid-free, recycled paper)
035 ## - SYSTEM CONTROL NUMBER
System control number 3960181
040 ## - CATALOGING SOURCE
Original cataloging agency DLC
Transcribing agency DLC
Modifying agency DLC
043 ## - GEOGRAPHIC AREA CODE
Geographic area code n-us---
050 00 - LIBRARY OF CONGRESS CALL NUMBER
Classification number HN59.2
Item number .R32 1995
082 00 - DEWEY DECIMAL CLASSIFICATION NUMBER
Classification number 305
Edition number 20
245 00 - TITLE STATEMENT
Title Race, class, and gender :
Remainder of title an anthology /
Statement of responsibility, etc [compiled by] Margaret L. Andersen, Patricia Hill Collins.
250 ## - EDITION STATEMENT
Edition statement 2nd ed.
260 ## - PUBLICATION, DISTRIBUTION, ETC. (IMPRINT)
Place of publication, distribution, etc Belmont, Calif. :
Name of publisher, distributor, etc Wadsworth,
Date of publication, distribution, etc c1995.
300 ## - PHYSICAL DESCRIPTION
Extent xxxii, 560 p. ;
Dimensions 24 cm.
336 ## - CONTENT TYPE
Content type term text
Content type code txt
Source rdacontent
337 ## - MEDIA TYPE
Media type term unmediated
Media type code n
Source rdamedia
338 ## - CARRIER TYPE
Carrier type term volume
Carrier type code nc
Source rdacarrier
504 ## - BIBLIOGRAPHY, ETC. NOTE
Bibliography, etc Includes bibliographical references.
650 #0 - SUBJECT ADDED ENTRY--TOPICAL TERM
Topical term or geographic name as entry element Social classes
Geographic subdivision United States.
Topical term or geographic name as entry element Sex role
Geographic subdivision United States.
Topical term or geographic name as entry element Homosexuality
Geographic subdivision United States.
Topical term or geographic name as entry element Discrimination
Geographic subdivision United States.
651 #0 - SUBJECT ADDED ENTRY--GEOGRAPHIC NAME
Geographic name United States
General subdivision Social conditions
Chronological subdivision 1980-2020.
Geographic name United States
General subdivision Race relations.
700 1# - ADDED ENTRY--PERSONAL NAME
Personal name Andersen, Margaret L.
Personal name Hill Collins, Patricia.
906 ## - LOCAL DATA ELEMENT F, LDF (RLIN)
a 7
b cbc
c orignew
d 1
e ocip
f 19
g y-gencatlg
942 ## - ADDED ENTRY ELEMENTS (KOHA)
Source of classification or shelving scheme Library of Congress Classification
Koha item type Long Loan Books
Holdings
Withdrawn status Lost status Source of classification or shelving scheme Damaged status Not for loan Collection code Home library Current library Shelving location Date acquired Source of acquisition Total Checkouts Full call number Barcode Date last seen Price effective from Koha item type
    Library of Congress Classification     Non-fiction Rongo University Library Rongo University Library General Stacks 08/04/2026 Books for Africa, Donation   HN59.2 .R32 1995 20261597 08/04/2026 08/04/2026 Long Loan Books

© 2026 Rongo University
Contact us: librarian | system librarian | Rongo university